| 000 | 00760nam a22001937a 4500 | ||
|---|---|---|---|
| 999 |
_c60575 _d60575 |
||
| 005 | 20230911112228.0 | ||
| 008 | 230911s1976 pl ||||| |||| 00| 0 pol d | ||
| 041 | _apol | ||
| 080 | _a902/904 S-99 | ||
| 100 |
_aSztetyllo, Zofia _919693 |
||
| 245 |
_aMirmeki : _bT. III. Wykopaliska odcinka polskiego w r. 1957 / _cZofia Sztetyllo; Red. : W. F.Gajdukiewicza, I.K. Michalowskiego. |
||
| 264 |
_aWarszava, _c1976. |
||
| 300 |
_a146 p.: _bill.; _c30 cm. |
||
| 653 | _aპოლონეთის მონაკვეთის გათხრები | ||
| 653 | _aარქეოლოგია | ||
| 700 |
_aGajdukiewicza, W. F. _eრედაქტორი _919793 |
||
| 700 |
_aMichalowskiegi, I. K. _eრედაქტორი _919794 |
||
| 942 |
_2udc _cBK |
||